[Event "ITA-ch blitz"]
[Site "Chianciano Terme"]
[Date "2018.04.01"]
[Round "1"]
[White "Pasqualetti, Enzo"]
[Black "Rombaldoni, Denis"]
[Result "0-1"]
[WhiteElo "1978"]
[BlackElo "2481"]
[PlyCount "98"]
[EventDate "2018.04.01"]
[EventType "swiss (blitz)"]
[EventRounds "11"]
[EventCountry "ITA"]
[SourceTitle "CBM 183 Extra"]
[Source "ChessBase"]
[SourceDate "2018.04.19"]
[SourceVersion "1"]
[SourceVersionDate "2018.04.19"]
[SourceQuality "1"]

1. d4 d6 2. c4 Nf6 3. Nc3 Nbd7 4. e3 e5 5. d5 g6 6. e4 Bg7 7. Bd3 0-0 8. Nge2 Nc5 9. 0-0 Nxd3 10. Qxd3 Nh5 11. b4 Qe7 12. Ba3 f5 13. f3 g5 14. c5 f4 15. g4 fxg3 16. hxg3 Bf6 17. g4 Nf4 18. Nxf4 gxf4 19. Kg2 Rf7 20. Rh1 Rg7 21. Rh3 Bd7 22. Rah1 b6 23. c6 Be8 24. Kf2 a6 25. Bc1 Bg6 26. Qf1 Kf7 27. Bd2 Bg5 28. Qd3 Rgg8 29. a4 Kg7 30. Ra1 Rh8 31. Rah1 h6 32. R1h2 Rh7 33. Ne2 Qf7 34. Nc3 Kf6 35. Qc2 Rah8 36. Be1 h5 37. gxh5 Rxh5 38. Rxh5 Rxh5 39. Rxh5 Bxh5 40. Kf1 Bxf3 41. Qh2 Qh5 42. Qxh5 Bxh5 43. b5 a5 44. Ne2 Ke7 45. Ng1 Bg4 46. Kg2 Bd1 47. Nh3 Bf6 48. Nf2 Bxa4 49. Ng4 Bxb5 0-1